LDR 00728naa#a2200169#i#450# 001 EN\\bibl\19505 005 20260516102403.6 100 ## _a20260515b2026####ek#y0engy0150####ca 102 ## _aRU 200 1# _aEDUCATION IN THE CONTEXT OF GLOBAL CHANGES: CLIMATIC AND SOCIAL CHALLENGES _eConference article/thesis 210 1# _aVoronezh _cFSBE Institution of Higher Education Voronezh State University of Forestry and Technologies named after G.F. Morozov _d2026 215 ## _a8 с. 608 ## _aConference article/thesis _2local 675 ## _aДидактические принципы. 37.026 _aЭкология человека и окружающая среда. 504.75 _z 700 #1 _aZotova _gP. V. 700 #1 _aSelina _gV. D. 856 4# _abibl.vgltu.ru _u